Statystyki dla Flagi państw graniczących z Niemcami

Kliknij tutaj aby rozwiązać quiz!

Ogólne statystyki

  • Ten quiz został rozwiązany 565 razy
  • Średni wynik to 9 z 9

Statystyki odpowiedzi

Odpowiedź% Poprawnych
Francja
100%
Holandia
99%
Czechy
99%
Dania
99%
Szwajcaria
99%
Belgia
99%
Polska
99%
Austria
99%
Luksemburg
97%

Rozkład punktacji

Percentyl według liczby udzielonych odpowiedzi

Procent ludzi z każdym wynikiem

Twoja historia wyników

Nie rozwiązałeś tego quizu